000 00943nam a2200241 a 4500
001 39622
003 BD-RjUL
005 20211209053029.0
008 160413b20072000bg ||||| |||| 001 0 ben d
020 _a9840502166
_c: Tk.250.00
035 _a(BD-RjUL) 39735
040 _aBD-RjUL
_bben
_cBD-RjUL
041 _aben
082 _223
_a580.73
_bSAN 2007
100 _aশর্মা, দ্বিজেন
_9122027
245 _aনিসর্গ, নির্মাণ ও নান্দনিক ভাবনা /
_cদ্বিজেন শর্মা
260 _aঢাকা :
_bদি ইউনিভার্সিটি প্রেস লিমিটেড,
_c২০০০ [মুদ্রণ ২০০৭]
300 _ax, ২৩০ পৃ. ;
_c২২ সেমি.
500 _aনির্ঘণ্ট সংযুক্ত
650 _aউদ্ভিদ
_9130864
650 _aPlant
_9130865
942 _2ddc
_cBK
999 _c39622
_d39622